LIBRARY & INFORMATION CENTRE, KCAET, TAVANUR

ONLINE PUBLIC ACCESS CATALOGUE (OPAC)

Studies on diffuser augmented micro wind turbine (Record no. 15196)

MARC details
000 -LEADER
fixed length control field 00605nam a22001937a 4500
003 - CONTROL NUMBER IDENTIFIER
control field OSt
088 ## - REPORT NUMBER
Report number P 153
100 ## - MAIN ENTRY--AUTHOR NAME
Personal name AMPILI A. G
245 ## - TITLE STATEMENT
Title Studies on diffuser augmented micro wind turbine
260 ## - PUBLICATION, DISTRIBUTION, ETC. (IMPRINT)
Place of publication Tavanur 2005
Name of publisher Kelappaji College of Agricultural Engineering and Technology
300 ## - PHYSICAL DESCRIPTION
Number of Pages 76
500 ## - GENERAL NOTE
General note Studies on diffuser augmented micro wind turbine
520 ## - SUMMARY, ETC.
Summary, etc Studies on diffuser augmented micro wind turbine
700 ## - ADDED ENTRY--PERSONAL NAME
Personal name Syamkrishnan R
700 ## - ADDED ENTRY--PERSONAL NAME
Personal name Vishnupriya S
700 ## - ADDED ENTRY--PERSONAL NAME
Personal name Dr. Sathyajith Mathew (Guide)
942 ## - ADDED ENTRY ELEMENTS (KOHA)
Koha item type Project Report
Holdings
Collection code Home library Current library Shelving location Full call number Accession Number Koha item type
Reference KAUAET KAUAET Reference 631.3 AMP/ST P 153 Project Report
free website counter